[Event "Ste-Foy 5"]
[Site "Quebec CAN"]
[Date "2023.05.15"]
[Round "2"]
[White "Warren, Alexandre"]
[Black "Cubas, Juan"]
[Result "1-0"]
[WhiteElo "1369"]
[BlackElo "1554"]
[PlyCount "47"]
[EventDate "2023.05.08"]
[EventType "swiss"]
[EventRounds "5"]
[EventCountry "CAN"]

1. d4 Nf6 2. Bf4 d5 3. e3 Bf5 4. Nd2 Nbd7 5. h3 c5 6. Ngf3 h6 7. c3 Nh5 8. Bh2
Bh7 9. Bb5 a6 10. Bxd7+ Qxd7 11. Ne5 Qb5 12. Qxh5 g6 13. Qf3 cxd4 14. Qxf7+ Kd8
15. Qe6 Bg8 16. Nf7+ Bxf7 17. Qxf7 Qxb2 18. Qxd5+ Ke8 19. Rb1 Qxc3 20. Qxd4 Bg7
21. Qxc3 Bxc3 22. Ke2 Rd8 23. Ne4 Rc8 24. Rhc1 1-0

[Event "Ste-Foy 5"]
[Site "Quebec CAN"]
[Date "2023.05.29"]
[Round "3"]
[White "Belanger, Mathieu-Olivier"]
[Black "Laurendeau, Alfred"]
[Result "1-0"]
[WhiteElo "1993"]
[BlackElo "1515"]
[PlyCount "55"]
[EventDate "2023.05.08"]
[EventType "swiss"]
[EventRounds "5"]
[EventCountry "CAN"]

1. e4 d5 2. exd5 Qxd5 3. Nc3 Qd8 4. Nf3 Nf6 5. d4 Bg4 6. h3 Bxf3 7. Qxf3 c6 8.
Bf4 e6 9. O-O-O Bb4 10. Be5 Bxc3 11. Qxc3 Nbd7 12. g4 Nd5 13. Qd2 Nxe5 14. dxe5
b5 15. Bg2 Qc7 16. Kb1 O-O-O 17. Rhe1 Rhe8 18. h4 Re7 19. Bxd5 Rxd5 20. Qe2
Red7 21. f4 Qd8 22. Rxd5 Rxd5 23. a4 bxa4 24. Qa6+ Kb8 25. Qxc6 a3 26. Re3 Rd1+
27. Ka2 Qd5+ 28. Rb3+ 1-0

[Event "Ste-Foy 5"]
[Site "Quebec CAN"]
[Date "2023.05.29"]
[Round "3"]
[White "Couture, François"]
[Black "Bergeron, Nicolas"]
[Result "0-1"]
[WhiteElo "1258"]
[BlackElo "1222"]
[PlyCount "79"]
[EventDate "2023.05.08"]
[EventType "swiss"]
[EventRounds "5"]
[EventCountry "CAN"]

1. d4 Nf6 2. c4 g6 3. Nf3 Bg7 4. Nc3 d5 5. h3 O-O 6. cxd5 Nxd5 7. e4 Nxc3 8.
bxc3 c5 9. Be3 Qa5 10. Qc2 Nc6 11. Bd2 e6 12. Bd3 Rd8 13. O-O Qa3 14. Bc1 Qa5
15. Bd2 Qc7 16. dxc5 Qa5 17. Rab1 a6 18. c4 Qxc5 19. Rfe1 Nd4 20. Nxd4 Qxd4 21.
Rb3 Bd7 22. Be3 Qd6 23. Rxb7 Bc6 24. Rb3 Ba4 25. c5 Bxb3 26. Qxb3 Qxd3 27. Qa4
Qb5 28. Qc2 Bd4 29. c6 Bxe3 30. Rxe3 Rac8 31. c7 Rd7 32. Rb3 Qa4 33. Qb2 Rdxc7
34. Rb8 Qc6 35. Kh2 Rxb8 36. Qxb8+ Rc8 37. Qe5 Qc7 38. Qxc7 Rxc7 39. f4 Rc4 40.
e5 0-1

[Event "Ste-Foy 5"]
[Site "Quebec CAN"]
[Date "2023.05.29"]
[Round "3"]
[White "De Coster, Vincent"]
[Black "Girard-Tremblay, Eliot"]
[Result "0-1"]
[WhiteElo "1094"]
[BlackElo "1504"]
[PlyCount "54"]
[EventDate "2023.05.08"]
[EventType "swiss"]
[EventRounds "5"]
[EventCountry "CAN"]

1. d4 d5 2. Bf4 Nf6 3. e3 Bf5 4. Nf3 e6 5. Bd3 Bg6 6. c3 Nc6 7. Ne5 Bd6 8. Bb5
O-O 9. Nd2 Ne7 10. g4 a6 11. Nxg6 Nxg6 12. Bd3 Nxf4 13. exf4 Bxf4 14. Qf3 g5
15. h4 h6 16. O-O-O Qd6 17. hxg5 Bxg5 18. Rh3 Qf4 19. Rdh1 Qxd2+ 20. Kb1 Qf4
21. Qg2 Ne4 22. f3 Nd2+ 23. Ka1 Kg7 24. Rh5 Rh8 25. Rg1 Rac8 26. b3 c5 27. c4
Qxd4# 0-1

[Event "Ste-Foy 5"]
[Site "Quebec CAN"]
[Date "2023.05.29"]
[Round "3"]
[White "Laflamme, Simon"]
[Black "Berube, Antoine"]
[Result "0-1"]
[WhiteElo "1905"]
[BlackElo "2174"]
[PlyCount "86"]
[EventDate "2023.05.08"]
[EventType "swiss"]
[EventRounds "5"]
[EventCountry "CAN"]

1. d4 d5 2. c4 c6 3. Nc3 Nf6 4. cxd5 cxd5 5. Bf4 Nc6 6. e3 a6 7. Bd3 Bg4 8.
Nge2 e6 9. h3 Bh5 10. O-O Be7 11. Na4 Nd7 12. Rc1 O-O 13. a3 Bg6 14. b4 Bxd3
15. Qxd3 Nb6 16. Nxb6 Qxb6 17. Nc3 Rfd8 18. Na4 Qb5 19. Qd1 Rac8 20. Nc5 Qb6
21. Qg4 Na7 22. Be5 g6 23. f4 Nc6 24. f5 Nxe5 25. dxe5 exf5 26. Rxf5 Bxc5 27.
bxc5 Rxc5 28. Rcf1 Rc1 29. Qg5 Rxf1+ 30. Rxf1 Re8 31. Rf6 Qb1+ 32. Rf1 Qb6 33.
Rf6 Qc7 34. Rd6 Qe7 35. Qxe7 Rxe7 36. Rxd5 b5 37. Kf2 Kf8 38. Kf3 Rb7 39. Kf4
a5 40. Kg5 b4 41. a4 b3 42. Kf6 Rb6+ 43. Kg5 b2 0-1

[Event "Ste-Foy 5"]
[Site "Quebec CAN"]
[Date "2023.05.29"]
[Round "3"]
[White "Lucille, Marcotte"]
[Black "Pilon, Emile"]
[Result "0-1"]
[WhiteElo "972"]
[BlackElo "1241"]
[PlyCount "60"]
[EventDate "2023.05.08"]
[EventType "swiss"]
[EventRounds "5"]
[EventCountry "CAN"]

1. d4 d5 2. c4 c6 3. Nc3 Bf5 4. Nf3 Nf6 5. Bf4 Ne4 6. Qc2 Nxf2 7. Kxf2 Bxc2 8.
e3 Qb6 9. b3 Bxb3 10. axb3 Qxb3 11. Rc1 Qb2+ 12. Be2 dxc4 13. Ne4 e6 14. Rxc4
Be7 15. Re1 O-O 16. Kg1 b5 17. Rcc1 Bb4 18. Red1 Qxe2 19. Rb1 f5 20. Rxb4 Qxd1+
21. Kf2 Na6 22. Rb2 Rfd8 23. Nc3 Qd3 24. Ne2 Rac8 25. Ne5 Qd1 26. Kg3 c5 27.
Kh3 cxd4 28. exd4 Rxd4 29. Nxd4 Qxd4 30. Bc1 Rxc1 0-1

[Event "Ste-Foy 5"]
[Site "Quebec CAN"]
[Date "2023.05.29"]
[Round "3"]
[White "Mercure, Gilbert"]
[Black "Potvin, Alain-Nicolas"]
[Result "1-0"]
[WhiteElo "1756"]
[BlackElo "1706"]
[PlyCount "47"]
[EventDate "2023.05.08"]
[EventType "swiss"]
[EventRounds "5"]
[EventCountry "CAN"]

1. e4 d6 2. d4 g6 3. Nc3 Bg7 4. f4 Nf6 5. e5 Nfd7 6. e6 fxe6 7. Nf3 O-O 8. Ng5
Nf6 9. Bd3 Nc6 10. Be3 Nd5 11. Nxd5 exd5 12. Nxh7 Kxh7 13. Qh5+ Kg8 14. Bxg6
Rf6 15. Qh7+ Kf8 16. f5 Nb4 17. Bh6 Nxc2+ 18. Kd1 Rxg6 19. Qh8+ Kf7 20. fxg6+
Ke6 21. Qxd8 Bxh6 22. Kxc2 Kf6 23. Rhf1+ Kxg6 24. Qe8+ 1-0

[Event "Ste-Foy 5"]
[Site "Quebec CAN"]
[Date "2023.05.29"]
[Round "3"]
[White "Pinsonneault, Sebastien"]
[Black "Lescarbeau, Martin"]
[Result "1/2-1/2"]
[WhiteElo "1438"]
[BlackElo "1811"]
[PlyCount "94"]
[EventDate "2023.05.08"]
[EventType "swiss"]
[EventRounds "5"]
[EventCountry "CAN"]

1. d4 d5 2. c4 e5 3. e3 Nc6 4. Nf3 Bg4 5. Be2 e4 6. Nfd2 Bxe2 7. Qxe2 Qg5 8. f4
Qh4+ 9. g3 Qh3 10. a3 h5 11. cxd5 Nce7 12. Qb5+ c6 13. Qxb7 Rc8 14. d6 Nd5 15.
Nxe4 Ngf6 16. Qxf7+ Kxf7 17. Ng5+ Kg6 18. Nxh3 Bxd6 19. Nf2 Rhe8 20. Ke2 c5 21.
Nc3 cxd4 22. Nxd5 Nxd5 23. e4 Rc2+ 24. Bd2 Rxb2 25. Kd3 Nb6 26. Rhb1 Rxb1 27.
Rxb1 Bxa3 28. Bb4 Bxb4 29. Rxb4 Rc8 30. Rxd4 Kf7 31. e5 a5 32. Ne4 Rc1 33. Rd6
Rd1+ 34. Kc3 Rxd6 35. Nxd6+ Ke6 36. Kd4 g6 37. h3 a4 38. g4 a3 39. f5+ gxf5 40.
gxf5+ Ke7 41. Kc3 Nd5+ 42. Kb3 Nf4 43. h4 Nd3 44. f6+ Ke6 45. f7 Ke7 46. Kxa3
Nxe5 47. Nf5+ Kxf7 1/2-1/2

[Event "Ste-Foy 5"]
[Site "Quebec CAN"]
[Date "2023.05.29"]
[Round "3"]
[White "Renzo, Alain"]
[Black "Pepin, Pierre-Luc"]
[Result "1-0"]
[WhiteElo "1368"]
[BlackElo "1227"]
[PlyCount "129"]
[EventDate "2023.05.08"]
[EventType "swiss"]
[EventRounds "5"]
[EventCountry "CAN"]

1. e4 e5 2. Nf3 Nc6 3. Bc4 h6 4. d3 d6 5. Nc3 Nf6 6. Be3 g6 7. d4 exd4 8. Nxd4
Nxd4 9. Bxd4 Bg7 10. f3 O-O 11. Qd2 Re8 12. O-O-O b6 13. g4 Nh7 14. Bxg7 Kxg7
15. h4 Be6 16. Qd4+ Kf8 17. Qh8+ Ke7 18. Qd4 Bxc4 19. Qxc4 Rc8 20. Nd5+ Kf8 21.
Qd4 Kg8 22. Rdg1 Rb8 23. f4 Qc8 24. f5 Re5 25. Qxe5 dxe5 26. Ne7+ Kg7 27. Nxc8
Rxc8 28. g5 h5 29. f6+ Kf8 30. Rd1 Ke8 31. Rd5 c6 32. Rxe5+ Kf8 33. Re7 a5 34.
Rd1 Kg8 35. Rdd7 Rf8 36. e5 Rc8 37. Rxf7 Nf8 38. Rg7+ Kh8 39. Rde7 b5 40. Rc7
Rxc7 41. Rxc7 Ne6 42. Rc8+ Kh7 43. Rxc6 Nf8 44. e6 Kg8 45. e7 Kf7 46. exf8=Q+
Kxf8 47. Rc5 Kf7 48. Rxb5 a4 49. c4 Ke6 50. c5 Kd7 51. f7 Ke7 52. Rb7+ Kf8 53.
c6 Kg7 54. f8=Q+ Kxf8 55. c7 Ke7 56. c8=Q+ Kd6 57. Qc3 Kd5 58. Rb6 Ke4 59. Re6+
Kf4 60. Qc4+ Kf3 61. Re4 Kg3 62. Qc3+ Kf2 63. Re3 Kg2 64. Qd2+ Kf1 65. Re1# 1-0

[Event "Ste-Foy 5"]
[Site "Quebec CAN"]
[Date "2023.05.29"]
[Round "3"]
[White "Soucy, Mathieu"]
[Black "Gaudreau, Eric"]
[Result "0-1"]
[WhiteElo "1089"]
[BlackElo "1641"]
[PlyCount "50"]
[EventDate "2023.05.08"]
[EventType "swiss"]
[EventRounds "5"]
[EventCountry "CAN"]

1. d4 g6 2. c4 Bg7 3. Nc3 Nf6 4. Nf3 c5 5. d5 d6 6. Bf4 a6 7. b3 e6 8. e4 exd5
9. cxd5 Qa5 10. Qc1 Nxe4 11. Bd2 Nxd2 12. Nxd2 Bxc3 13. Kd1 Bxd2 14. Qxd2 Qxd2+
15. Kxd2 Bf5 16. f3 h5 17. h3 h4 18. a3 Nd7 19. Bd3 Bxd3 20. Kxd3 Nf6 21. Rhe1+
Kd7 22. Kc4 b5+ 23. Kc3 Nxd5+ 24. Kc2 Rae8 25. Red1 Ne3+ 0-1

[Event "Ste-Foy 5"]
[Site "Quebec CAN"]
[Date "2023.05.29"]
[Round "3"]
[White "Warren, Alexandre"]
[Black "Marois, Remi"]
[Result "1-0"]
[WhiteElo "1369"]
[BlackElo "1548"]
[PlyCount "51"]
[EventDate "2023.05.08"]
[EventType "swiss"]
[EventRounds "5"]
[EventCountry "CAN"]

1. d4 Nf6 2. Bf4 c5 3. e3 Qb6 4. Nc3 cxd4 5. exd4 a6 6. Rb1 d5 7. Nf3 e6 8. h3
Bd6 9. Bxd6 Qxd6 10. Bd3 Nc6 11. a3 b5 12. O-O O-O 13. Re1 Nd7 14. Re3 f6 15.
Nh4 f5 16. g4 f4 17. Rf3 g5 18. Bxh7+ Kg7 19. Qd3 gxh4 20. Qg6+ Kh8 21. Qh6 Qe7
22. Bf5+ Kg8 23. Bxe6+ Rf7 24. Nxd5 Qf8 25. Qg6+ Qg7 26. Bxf7+ 1-0

[Event "Ste-Foy 5"]
[Site "Quebec CAN"]
[Date "2023.06.05"]
[Round "4"]
[White "Belanger, Mathieu-Olivier"]
[Black "Laflamme, Simon"]
[Result "1-0"]
[WhiteElo "1993"]
[BlackElo "1905"]
[PlyCount "53"]
[EventDate "2023.05.08"]
[EventType "swiss"]
[EventRounds "5"]
[EventCountry "CAN"]

1. e4 e5 2. Nf3 Nf6 3. Nxe5 d6 4. Nxf7 Kxf7 5. d4 Qe8 6. Nc3 Kg8 7. Bc4+ Be6 8.
Qe2 Bxc4 9. Qxc4+ Qf7 10. Qd3 Nc6 11. a3 g6 12. O-O h5 13. f4 d5 14. e5 Ne4 15.
Nxe4 dxe4 16. Qxe4 Rd8 17. c3 Qf5 18. Qe2 Qe6 19. f5 gxf5 20. Qc2 Bg7 21. Bg5
Rf8 22. Rf3 h4 23. Raf1 Rh5 24. Rxf5 Ne7 25. Rxf8+ Bxf8 26. Rf6 Qg4 27. Qb3+
1-0

[Event "Ste-Foy 5"]
[Site "Quebec CAN"]
[Date "2023.06.05"]
[Round "4"]
[White "Bergeron, Nicolas"]
[Black "Girard-Tremblay, Eliot"]
[Result "1-0"]
[WhiteElo "1222"]
[BlackElo "1504"]
[PlyCount "103"]
[EventDate "2023.05.08"]
[EventType "swiss"]
[EventRounds "5"]
[EventCountry "CAN"]

1. d4 d5 2. c4 Nf6 3. cxd5 Qxd5 4. Nc3 Qa5 5. Nf3 Bf5 6. Qb3 Nbd7 7. Bd2 e6 8.
e4 c5 9. exf5 cxd4 10. Nxd4 Qe5+ 11. Be3 a6 12. fxe6 fxe6 13. Qxe6+ Be7 14.
Qxe5 Nxe5 15. Be2 O-O 16. O-O Nfg4 17. Nd5 Bd6 18. Rfd1 Rae8 19. h3 Nf6 20.
Nxf6+ Rxf6 21. Nf3 Nxf3+ 22. Bxf3 Ref8 23. Bg5 Rg6 24. Rxd6 Rxd6 25. Be7 Rxf3
26. Bxd6 Rd3 27. Bb4 Kf7 28. Re1 Rd7 29. Re3 b6 30. Rf3+ Ke6 31. Kf1 h5 32. Ke2
g5 33. Bc3 b5 34. Rf6+ Kd5 35. Rf5+ Kc4 36. Rxg5 b4 37. Bd2 Re7+ 38. Kf3 Kd3
39. Bxb4 Rf7+ 40. Kg3 h4+ 41. Kxh4 Rf4+ 42. Rg4 Rxf2 43. Bc3 Rf7 44. Kg3 Ke3
45. Rg6 Ra7 46. Kg4 a5 47. h4 a4 48. a3 Rf7 49. h5 Rf4+ 50. Kg5 Rf2 51. g4 Rf7
52. h6 1-0

[Event "Ste-Foy 5"]
[Site "Quebec CAN"]
[Date "2023.06.05"]
[Round "4"]
[White "Berube, Antoine"]
[Black "Mercure, Gilbert"]
[Result "1-0"]
[WhiteElo "2174"]
[BlackElo "1756"]
[PlyCount "123"]
[EventDate "2023.05.08"]
[EventType "swiss"]
[EventRounds "5"]
[EventCountry "CAN"]

1. d4 d5 2. c4 dxc4 3. Nf3 Bf5 4. e3 Bxb1 5. Rxb1 e6 6. Bxc4 Bb4+ 7. Ke2 c6 8.
Qb3 Qb6 9. Ne5 Be7 10. Rd1 Qxb3 11. Bxb3 Nf6 12. f3 Nbd7 13. Nxd7 Nxd7 14. e4
a5 15. d5 Nc5 16. dxe6 fxe6 17. Bc2 Rd8 18. Rxd8+ Kxd8 19. Bd2 b6 20. f4 Kc7
21. Be3 h6 22. g3 g5 23. Bd4 Re8 24. Rf1 Nd7 25. Bg7 h5 26. fxg5 Bxg5 27. h4
Bd8 28. e5 Re7 29. Bh8 Re8 30. Bg7 Re7 31. Bh6 Kb7 32. Bg5 Re8 33. Rf7 Kc8 34.
Bf4 Bc7 35. Bg6 Rh8 36. Re7 Bxe5 37. Rxe6 Bxf4 38. gxf4 Nc5 39. Rxc6+ Kb7 40.
Rf6 Kc7 41. Kf3 Rd8 42. Rf7+ Kc6 43. Rf6+ Kc7 44. Bxh5 Rd3+ 45. Kg4 Rd2 46. Bf7
Ne4 47. Re6 Nd6 48. Bg6 Rg2+ 49. Kh3 Rf2 50. Kg3 Rf1 51. h5 Kd7 52. Re2 Rg1+
53. Rg2 Rh1 54. Rh2 Rg1+ 55. Kf2 Rg4 56. f5 Ke7 57. h6 Rc4 58. h7 Rc2+ 59. Kg1
Rc1+ 60. Kg2 Rc2+ 61. Kh3 Rc8 62. Re2+ 1-0

[Event "Ste-Foy 5"]
[Site "Quebec CAN"]
[Date "2023.06.05"]
[Round "4"]
[White "Fridmann, Clement"]
[Black "Pinsonneault, Sebastien"]
[Result "0-1"]
[WhiteElo "1459"]
[BlackElo "1438"]
[PlyCount "36"]
[EventDate "2023.05.08"]
[EventType "swiss"]
[EventRounds "5"]
[EventCountry "CAN"]

1. e4 d6 2. d4 Nf6 3. Nc3 g6 4. Bg5 Bg7 5. f4 O-O 6. Nf3 c5 7. dxc5 Qa5 8. cxd6
Nxe4 9. dxe7 Bxc3+ 10. bxc3 Qxc3+ 11. Ke2 Re8 12. Qd4 Qxd4 13. Nxd4 Bg4+ 14.
Kd3 Nxg5 15. fxg5 Rxe7 16. g3 Nd7 17. Bg2 Rae8 18. Bxb7 Nc5+ 0-1

[Event "Ste-Foy 5"]
[Site "Quebec CAN"]
[Date "2023.06.05"]
[Round "4"]
[White "Laurendeau, Alfred"]
[Black "Potvin, Alain-Nicolas"]
[Result "1-0"]
[WhiteElo "1515"]
[BlackElo "1706"]
[PlyCount "59"]
[EventDate "2023.05.08"]
[EventType "swiss"]
[EventRounds "5"]
[EventCountry "CAN"]

1. d4 Nf6 2. c4 g6 3. Nc3 Bg7 4. Nf3 d6 5. Bf4 O-O 6. e3 Nbd7 7. Be2 c6 8. O-O
Qe8 9. h3 e5 10. Bh2 Qe7 11. d5 Nc5 12. b4 Nce4 13. Nxe4 Nxe4 14. Qc2 cxd5 15.
cxd5 f5 16. Rac1 Nf6 17. Rfd1 Bd7 18. Qb3 h6 19. Nxe5 Kh7 20. Nc4 Ne8 21. b5
Rc8 22. Bd3 Rc5 23. Na5 b6 24. Nc6 Bxc6 25. dxc6 Nc7 26. Rxc5 dxc5 27. Bc4 Ne8
28. Rd7 Qf6 29. c7 Qa1+ 30. Rd1 1-0

[Event "Ste-Foy 5"]
[Site "Quebec CAN"]
[Date "2023.06.05"]
[Round "4"]
[White "Lescarbeau, Martin"]
[Black "Warren, Alexandre"]
[Result "0-1"]
[WhiteElo "1811"]
[BlackElo "1369"]
[PlyCount "68"]
[EventDate "2023.05.08"]
[EventType "swiss"]
[EventRounds "5"]
[EventCountry "CAN"]

1. d4 d5 2. e4 c6 3. Nc3 dxe4 4. Nxe4 Nf6 5. Ng3 g6 6. Nf3 Bg7 7. Bd3 O-O 8. h4
Bg4 9. c3 Nbd7 10. Bf4 Re8 11. O-O Nd5 12. Qd2 Bxf3 13. gxf3 Nxf4 14. Qxf4 e5
15. dxe5 Nxe5 16. Bc2 Qf6 17. Qxf6 Bxf6 18. Kg2 Bxh4 19. Ne4 Rad8 20. Bb3 Rd3
21. f4 Nd7 22. f3 Kg7 23. Bc4 Re3 24. f5 Ne5 25. Bb3 Rd8 26. Rh1 Nxf3 27. f6+
Bxf6 28. Nxf6 Rd2+ 29. Kg3 Kxf6 30. Kf4 Rde2 31. Rxh7 Ng5 32. Rhh1 Rf3+ 33. Kg4
Rg2+ 34. Kh4 Kf5 0-1

[Event "Ste-Foy 5"]
[Site "Quebec CAN"]
[Date "2023.06.05"]
[Round "4"]
[White "Pepin, Pierre-Luc"]
[Black "Couture, François"]
[Result "1/2-1/2"]
[WhiteElo "1227"]
[BlackElo "1258"]
[PlyCount "117"]
[EventDate "2023.05.08"]
[EventType "swiss"]
[EventRounds "5"]
[EventCountry "CAN"]

1. e4 c5 2. Nf3 Nc6 3. Nc3 d6 4. d4 cxd4 5. Nxd4 Nf6 6. Nxc6 bxc6 7. Bd3 e6 8.
O-O Be7 9. Re1 e5 10. Be3 O-O 11. h3 Bb7 12. f3 Re8 13. g4 d5 14. Bf2 d4 15.
Ne2 h6 16. a3 Nh7 17. Nc1 Bh4 18. Qe2 Bg5 19. Nb3 Qb6 20. Rab1 a5 21. Nd2 Bxd2
22. Qxd2 c5 23. Kg2 Ng5 24. c3 Ne6 25. Bg3 Rac8 26. Bxe5 c4 27. Bc2 d3 28. Ba4
Re7 29. b3 Qc5 30. Bg3 Qxa3 31. Ra1 Qc5 32. Bf2 Qe5 33. Rh1 Nf4+ 34. Kf1 Ba6
35. Bg3 g5 36. h4 cxb3 37. Bxf4 gxf4 38. Bxb3 Qxc3 39. Qxc3 Rxc3 40. Rxa5 d2+
41. Rxa6 Rxb3 42. Ke2 Rd7 43. Rxh6 Re3+ 44. Kd1 Rxf3 45. Rh2 Re3 46. Rxd2 Rxd2+
47. Kxd2 Rxe4 48. Kd3 Re3+ 49. Kd2 Kg7 50. g5 Rh3 51. Ke2 Re3+ 52. Kf2 Rh3 53.
Kg2 Rg3+ 54. Kh2 Rg4 55. Kh3 Rg3+ 56. Kh2 Re3 57. Kg2 Rg3+ 58. Kh2 Re3 59. Kg2
1/2-1/2

[Event "Ste-Foy 5"]
[Site "Quebec CAN"]
[Date "2023.06.05"]
[Round "4"]
[White "Pilon, Emile"]
[Black "Renzo, Alain"]
[Result "0-1"]
[WhiteElo "1241"]
[BlackElo "1368"]
[PlyCount "84"]
[EventDate "2023.05.08"]
[EventType "swiss"]
[EventRounds "5"]
[EventCountry "CAN"]

1. d4 d5 2. Bf4 Nf6 3. Nd2 Nc6 4. e3 a6 5. Ngf3 Bf5 6. c3 e6 7. h3 h6 8. Be2
Bd6 9. Ne5 Qe7 10. a3 Nd7 11. Nxc6 bxc6 12. Bf3 Bxf4 13. exf4 Qd6 14. Qa4 O-O
15. g3 a5 16. O-O Nb6 17. Qb3 Rab8 18. Qd1 Bxh3 19. Re1 c5 20. Nb3 cxd4 21.
Qxd4 Nc4 22. Bd1 Nxb2 23. Bc2 Nc4 24. Qd3 Bf5 25. Qd1 Bxc2 26. Qxc2 Nxa3 27.
Qd1 Nb5 28. Qd3 Qc6 29. Rec1 Qc4 30. Qxc4 dxc4 31. Nxa5 Nd6 32. Nc6 Rb2 33. Ra7
Ne4 34. Ne7+ Kh7 35. Rxc7 Nxf2 36. Rxc4 Nh3+ 37. Kf1 Rd8 38. Rb4 Rf2+ 39. Ke1
Rdd2 40. Re4 Rd3 41. g4 Rg3 42. f5 Rg1# 0-1

[Event "Ste-Foy 5"]
[Site "Quebec CAN"]
[Date "2023.06.05"]
[Round "4"]
[White "Servant, Michel"]
[Black "Soucy, Mathieu"]
[Result "1-0"]
[WhiteElo "1713"]
[BlackElo "1089"]
[PlyCount "55"]
[EventDate "2023.05.08"]
[EventType "swiss"]
[EventRounds "5"]
[EventCountry "CAN"]

1. c4 Nf6 2. g3 g6 3. Bg2 Bg7 4. Nc3 c6 5. e4 d6 6. Nge2 O-O 7. O-O Nbd7 8. d4
e5 9. Bg5 h6 10. Bd2 exd4 11. Nxd4 Re8 12. Qc2 Ne5 13. b3 a6 14. h3 c5 15. Nde2
b5 16. cxb5 Qb6 17. Nf4 axb5 18. Nfd5 Nxd5 19. Nxd5 Qa7 20. Be3 Bb7 21. Nc7 Nc6
22. Rad1 Nb4 23. Qe2 Bxe4 24. Nxe8 Rxe8 25. Bxe4 Rxe4 26. Rxd6 Bd4 27. Rd8+ Kg7
28. Bxh6+ 1-0

[Event "Ste-Foy 5"]
[Site "Quebec CAN"]
[Date "2023.06.12"]
[Round "5"]
[White "Couture, François"]
[Black "Pilon, Emile"]
[Result "1/2-1/2"]
[WhiteElo "1258"]
[BlackElo "1241"]
[PlyCount "62"]
[EventDate "2023.05.08"]
[EventType "swiss"]
[EventRounds "5"]
[EventCountry "CAN"]

1. d4 d5 2. c4 Nf6 3. Nc3 c6 4. h3 b6 5. Nf3 e6 6. Bg5 Be7 7. Qc2 Nbd7 8. e3 c5
9. cxd5 exd5 10. Bb5 O-O 11. O-O h6 12. Bh4 Bd6 13. Bc6 Ba6 14. Rfe1 Rc8 15.
Bxd5 Re8 16. Rad1 Be7 17. Qa4 Nb8 18. Ne5 Nxd5 19. Bxe7 Rxe7 20. Nxd5 Qxd5 21.
e4 Qe6 22. f4 Rd8 23. d5 Qf6 24. Nc6 Nxc6 25. dxc6 Rxd1 26. Rxd1 Qxf4 27. Qxa6
Qxe4 28. Qc8+ Re8 29. Rd8 Kf8 30. c7 Qe1+ 31. Kh2 Qe5+ 1/2-1/2

[Event "Ste-Foy 5"]
[Site "Quebec CAN"]
[Date "2023.06.12"]
[Round "5"]
[White "Marcotte, Lucille"]
[Black "Pepin, Pierre-Luc"]
[Result "0-1"]
[WhiteElo "972"]
[BlackElo "1227"]
[PlyCount "40"]
[EventDate "2023.05.08"]
[EventType "swiss"]
[EventRounds "5"]
[EventCountry "CAN"]

1. d4 d5 2. c4 e6 3. Nc3 h6 4. Nf3 Nc6 5. e3 Nf6 6. Bd3 g6 7. O-O Bg7 8. b3 O-O
9. Re1 Re8 10. Bb2 b6 11. Ba3 Bf8 12. Bxf8 Rxf8 13. e4 dxe4 14. Nxe4 Nxd4 15.
Nxd4 Qxd4 16. Qc2 Bb7 17. Nxf6+ Qxf6 18. Be4 Bxe4 19. Rxe4 Qxa1+ 20. Re1 Qxe1#
0-1

[Event "Ste-Foy 5"]
[Site "Quebec CAN"]
[Date "2023.06.12"]
[Round "5"]
[White "Pinsonneault, Sebastien"]
[Black "Warren, Alexandre"]
[Result "1-0"]
[WhiteElo "1438"]
[BlackElo "1369"]
[PlyCount "63"]
[EventDate "2023.05.08"]
[EventType "swiss"]
[EventRounds "5"]
[EventCountry "CAN"]

1. d4 d5 2. c4 c6 3. e3 Nf6 4. Nf3 a6 5. Nc3 Bf5 6. Bd3 Bxd3 7. Qxd3 dxc4 8.
Qxc4 b5 9. Qb3 e6 10. O-O c5 11. Rd1 Qb6 12. Qc2 Nc6 13. Ne4 Nxe4 14. Qxe4 Rd8
15. b3 cxd4 16. exd4 Be7 17. Be3 Rd5 18. Qg4 Bf6 19. Rac1 O-O 20. Rd2 Rfd8 21.
Rcd1 Ne7 22. Ng5 Nf5 23. Ne4 Nxe3 24. Nxf6+ Kh8 25. Nxd5 Nxd5 26. Rd3 Ne7 27.
Qh5 g6 28. Qg5 Nf5 29. Qf6+ Kg8 30. d5 Qa5 31. dxe6 Rxd3 32. Qxf7+ 1-0

[Event "Ste-Foy 5"]
[Site "Quebec CAN"]
[Date "2023.06.12"]
[Round "5"]
[White "Potvin, Alain-Nicolas"]
[Black "Berube, Antoine"]
[Result "0-1"]
[WhiteElo "1706"]
[BlackElo "2174"]
[PlyCount "64"]
[EventDate "2023.05.08"]
[EventType "swiss"]
[EventRounds "5"]
[EventCountry "CAN"]

1. d4 d5 2. Nf3 Nf6 3. e3 c6 4. c4 e6 5. Bd3 Nbd7 6. Nc3 dxc4 7. Bxc4 b5 8. Bd3
Bd6 9. Bd2 O-O 10. O-O Bb7 11. Rc1 Rc8 12. e4 e5 13. Bg5 a6 14. Kh1 c5 15. dxe5
Nxe5 16. Nxe5 Bxe5 17. f4 Bxc3 18. Rxc3 c4 19. Bxf6 Qxf6 20. e5 Qc6 21. Qg4
Rcd8 22. Bb1 h5 23. Qg5 Qh6 24. Qe7 Bc6 25. Rg3 h4 26. Rh3 Rd2 27. Rg1 Re8 28.
Qxh4 Qxh4 29. Rxh4 Rxb2 30. Rg4 c3 31. Rc1 Rd8 32. h4 Rdd2 0-1

[Event "Toronto op"]
[Site "Toronto CAN"]
[Date "2023.09.02"]
[Round "1"]
[White "Calugar, Arthur"]
[Black "Kang, Dorian"]
[Result "1-0"]
[WhiteElo "2263"]
[BlackElo "2059"]
[PlyCount "107"]
[EventDate "2023.09.02"]
[EventType "swiss"]
[EventRounds "6"]
[EventCountry "CAN"]

1. e4 e6 2. d4 d5 3. e5 c5 4. c3 Nc6 5. Nf3 Qb6 6. a3 c4 7. Nbd2 Bd7 8. g3 Nh6
9. h4 Be7 10. Bh3 Nf5 11. h5 O-O-O 12. O-O Na5 13. Rb1 h6 14. Ne1 g6 15. Ng2
Rdg8 16. Kh2 Bg5 17. Rh1 Qd8 18. Kg1 Qe8 19. Nf3 Bxc1 20. Rxc1 g5 21. Nh2 Ng7
22. Bg4 Qd8 23. Bf3 Ne8 24. Ng4 Nb3 25. Rb1 f5 26. exf6 Nxf6 27. N2e3 Rf8 28.
Ne5 Be8 29. Qe2 Rhg8 30. Re1 Na5 31. N3g4 Nc6 32. Nxh6 Rh8 33. Ng6 Bxg6 34.
hxg6 Re8 35. g7 Rh7 36. g8=Q Nxg8 37. Nxg8 Rxh1+ 38. Bxh1 Rxg8 39. Qxe6+ Kc7
40. Bxd5 Rf8 41. Bxc4 Rf6 42. Qe3 Rh6 43. Qf3 Kb8 44. d5 Ne7 45. Qe4 Nc8 46.
Bf1 a6 47. c4 Qb6 48. b4 Qc7 49. c5 Qf7 50. Bg2 Rf6 51. Re2 Qg7 52. d6 Rf7 53.
Qe5 Qh7 54. d7+ 1-0

[Event "Toronto op"]
[Site "Toronto CAN"]
[Date "2023.09.02"]
[Round "1"]
[White "Sambuev, Bator"]
[Black "Huh, Isaak"]
[Result "1-0"]
[WhiteElo "2480"]
[BlackElo "2027"]
[PlyCount "73"]
[EventDate "2023.09.02"]
[EventType "swiss"]
[EventRounds "6"]
[EventCountry "CAN"]

1. d4 Nf6 2. c4 e6 3. Nc3 Bb4 4. e3 O-O 5. Bd3 c5 6. Nf3 d5 7. O-O Nc6 8. a3
Bxc3 9. bxc3 b6 10. cxd5 exd5 11. dxc5 bxc5 12. c4 Bg4 13. cxd5 Ne5 14. e4 c4
15. Be2 Nxe4 16. Nxe5 Nc3 17. Nxg4 Nxd1 18. Rxd1 Re8 19. Ne3 c3 20. Ra2 Rb8 21.
Rc2 Qf6 22. g3 h6 23. Rd3 Rbc8 24. Bg4 Rc5 25. a4 Qa6 26. Rdxc3 Rxc3 27. Rxc3
Qxa4 28. h3 Rd8 29. Kg2 a5 30. Ba3 Qe4+ 31. Bf3 Qe5 32. Rc5 a4 33. Rc4 Ra8 34.
d6 Rd8 35. Rxa4 Rxd6 36. Ra8+ Kh7 37. Nc4 1-0

[Event "Toronto op"]
[Site "Toronto CAN"]
[Date "2023.09.02"]
[Round "1"]
[White "Singh, Mahip"]
[Black "Rusonik, Max"]
[Result "1-0"]
[WhiteElo "1850"]
[BlackElo "2232"]
[PlyCount "97"]
[EventDate "2023.09.02"]
[EventType "swiss"]
[EventRounds "6"]
[EventCountry "CAN"]

1. d4 Nf6 2. Nf3 d5 3. Nbd2 Bf5 4. c4 c6 5. Nh4 Bd7 6. e3 e6 7. Nhf3 Bd6 8. Bd3
O-O 9. Qc2 Na6 10. a3 c5 11. e4 dxe4 12. Nxe4 Nxe4 13. Bxe4 cxd4 14. Bg5 Qc7
15. Bxh7+ Kh8 16. Qe4 Bf4 17. Bxf4 Qa5+ 18. b4 Qh5 19. Qxd4 Qxh7 20. Qxd7 Qe4+
21. Be3 Rad8 22. Qb5 Qd3 23. Rc1 f6 24. Qxb7 Rd6 25. b5 Nb8 26. Nd4 e5 27. Nf5
Qxf5 28. O-O a6 29. a4 axb5 30. axb5 e4 31. c5 Rd7 32. Qb6 Rd5 33. Rfd1 Nd7 34.
Rxd5 Qxd5 35. Qd6 Qxd6 36. cxd6 Rb8 37. b6 Kg8 38. Kf1 Kf7 39. Rc7 Ke6 40. b7
Kxd6 41. Bf4+ Ne5 42. Rxg7 Ke6 43. g4 Rd8 44. Kg2 Kd5 45. g5 f5 46. Rc7 Rb8 47.
Re7 Ng6 48. Rd7+ Kc6 49. Rd6+ 1-0